[Event "2nd Gujarat Open 2019"]
[Site "Ahmedabad, Gujarat"]
[Date "2019.09.25"]
[Round "5.23"]
[White "Konguvel, Ponnuswamy"]
[Black "Patil, Mitali"]
[Result "1-0"]
[WhiteElo "2374"]
[BlackElo "2036"]
[Annotator "TA"]
[PlyCount "51"]
[EventDate "2019.09.22"]
[EventCountry "IND"]
[SourceTitle "playchess.com"]
[Source "ChessBase"]
[SourceQuality "1"]

{[%evp 15,51,46,39,43,45,50,63,31,56,50,70,67,52,62,89,83,83,91,96,78,101,92,157,158,199,197,302,303,305,301,306,316,375,289,653,651,833,823]} 1. e4 e5 2. Nf3 Nc6 3. Bb5 Nd4 4. Nxd4 exd4 5. d3 c6 6. Bc4 Nf6 7. O-O d5 8. exd5 Nxd5 9. Re1+ {C61: Ruy Lopez: Bird's Defence} Be7 10. Bg5 {[#] And now Bxd5 would win.} (10. Qe2 Be6 {½-½ (10) Tseshkovsky,V (2600)-Malaniuk,V (2526) Belorechensk 2005}) 10... f6 11. Bh4 {White is slightly better.} (11. Bc1 {with more complications.} O-O 12. Nd2 Rf7 13. Qf3 Bd6 14. Bxd5 cxd5 15. Nb3) 11... O-O 12. Nd2 Bb4 13. a3 {[%cal Ba2a3,Ba3a4][%mdl 32]} Bxd2 14. Qxd2 b5 15. Bb3 Kh8 16. a4 Bb7 17. Bg3 $146 Qd7 18. Re2 b4 (18... h6 $142) 19. Rae1 $16 c5 20. Re6 Rfe8 {[#]} (20... Rac8 $142 21. Qe2 Rc6) 21. Qe2 $1 $18 {[%cal Re6e8]} Rxe6 22. Qxe6 Qxe6 23. Rxe6 Rc8 24. Kf1 a5 $2 (24... h5 25. h3 h4) 25. Rd6 Nc7 26. Rb6 {Played: Rd6-d7} 1-0

[Event "2nd Gujarat Open 2019"]
[Site "Ahmedabad, Gujarat"]
[Date "2019.09.25"]
[Round "5.24"]
[White "Souhardo Basak"]
[Black "Alan Diviya Raj"]
[Result "1-0"]
[WhiteElo "2301"]
[BlackElo "1943"]
[Annotator "TA"]
[PlyCount "107"]
[EventDate "2019.09.22"]
[EventCountry "IND"]
[SourceTitle "playchess.com"]
[Source "ChessBase"]
[SourceQuality "1"]

{[%evp 9,119,24,37,12,12,12,9,13,41,27,21,30,27,22,20,31,55,31,33,25,28,33,48,48,50,39,64,49,59,25,152,73,123,69,68,54,77,0,8,-5,-17,-2,-7,-41,-24,-33,-12,-96,-42,-39,-44,-54,-51,-79,-57,-50,-60,-62,-26,-18,30,24,31,3,19,16,55,70,135,0,0,0,41,38,43,33,39,0,0,6,97,97,97,97,97,97,102,103,105,97,298,275,640,834,912,927,870,0,8,0,833,0,0,0,768,743,1431,1582,29995,29996,29996,29997]} 1. e4 e5 2. Nf3 Nc6 3. Bb5 Nf6 4. d3 d6 5. c3 Be7 6. h3 {C65: Ruy Lopez: Berlin Defence (3...Nf6), unusual lines and 4 0-0 Bc5} (6. O-O O-O 7. Re1 a6 8. Ba4 b5 9. Bc2 d5 10. exd5 Qxd5 11. Nbd2 Re8 12. Nf1 h6 13. Qe2 Bf8 14. h3 Be6 15. Bd2 Qd7 16. Ng3 Rad8 17. Qd1 Bd5 {0-1 (67) Fedoseev,V (2680)-Predke,A (2632) Yaroslavl 2019}) 6... O-O 7. O-O a6 8. Ba4 {The position is equal.} h6 9. Re1 b5 10. Bc2 Re8 11. Nbd2 Bf8 12. d4 g6 13. d5 Ne7 14. a4 $146 {[%mdl 2048] White is pushing.} Bd7 15. b3 Nh7 16. c4 Bg7 17. Bb2 c6 18. dxc6 Bxc6 19. Nf1 Kh8 (19... Nf6 $11 {keeps the balance.}) 20. Ne3 (20. axb5 $142 axb5 21. Rxa8 Bxa8 22. cxb5) 20... Qd7 21. cxb5 (21. Re2 $16) 21... axb5 $14 22. a5 Rg8 23. g4 ({White should play} 23. b4 $16) 23... Nf6 24. Nd2 Qc7 25. b4 d5 26. f3 Rgd8 27. Qe2 d4 28. Nef1 (28. Ng2 $1 $11) 28... g5 ({Better is} 28... Qd6 $17 29. Bb3 Nh7) 29. Bd3 Ng6 {White must now prevent ...Nf4.} 30. Ng3 $1 Bf8 31. Ba3 Nf4 32. Qf1 Qb7 33. Rec1 Rac8 34. Nb3 Bd7 {White should prevent ...Rc3.} 35. Nc5 Bxc5 36. bxc5 Qa6 37. Bb4 Nxd3 38. Qxd3 Be6 {[#]} (38... Rg8 $14) 39. Nf5 (39. Kg2 $1 $16) 39... Bxf5 $11 40. gxf5 Rc7 41. c6 Rxc6 42. Rxc6 Qxc6 43. Be7 Rb8 44. Qa3 {Threatens to win with Rc1.} Rc8 (44... b4 $1 $11 45. Bxb4 g4 46. hxg4 Nxe4) 45. Qd6 $16 Qxd6 46. Bxd6 {[%mdl 4096] Endgame KRB-KRN} Nd7 47. Rb1 {[%mdl 1024] White has strong compensation.} Rc6 48. Be7 d3 {And now ...d2 would win.} 49. Kf2 {Strongly threatening Ke3.} (49. Rd1 $6 Nc5 $11) 49... Rc2+ $2 {[#]} (49... d2 $16 {keeps fighting.} 50. Rd1 Rc2) 50. Ke1 $1 $18 Nc5 $2 (50... Ra2 51. Rxb5 Kg7) 51. Rxb5 ({Not} 51. Bxc5 Rxc5 52. a6 b4 $16) 51... Rc1+ 52. Kd2 Rc2+ 53. Ke1 $2 ({White has to play} 53. Kd1 $18 {Threatening mate with Bf6+.} Na4 54. Bf6+ {[%mdl 64] Double Attack} Kh7 55. Bxe5) 53... Rc1+ $11 54. Kf2 {Played: Ke1-d2} 1-0

[Event "2nd Gujarat Open 2019"]
[Site "Ahmedabad, Gujarat"]
[Date "2019.09.25"]
[Round "5.25"]
[White "abzid, Rahman"]
[Black "Srija, Seshadri"]
[Result "0-1"]
[WhiteElo "1913"]
[BlackElo "2270"]
[Annotator "ChessBase"]
[PlyCount "52"]
[EventDate "2019.09.22"]
[EventCountry "IND"]
[SourceTitle "playchess.com"]
[Source "ChessBase"]
[SourceQuality "1"]
[TimeControl "5400+30"]

1. Nf3 {[%emt 0:00:00]} d5 {[%emt 0:00:00]} 2. e3 {[%emt 0:00:00]} Nf6 {[%emt 0:00:22]} 3. c4 {[%emt 0:00:51]} e6 {[%emt 0:00:11]} 4. b3 {[%emt 0:00:34]} c5 {[%emt 0:01:17]} 5. Bb2 {[%emt 0:00:14]} Nc6 {[%emt 0:00:11]} 6. Be2 {[%emt 0:04:40]} d4 {[%emt 0:02:13]} 7. exd4 {[%emt 0:02:06]} cxd4 {[%emt 0:00:02]} 8. d3 {[%emt 0:00:18]} e5 {[%emt 0:01:33]} 9. O-O {[%emt 0:00:40]} Bd6 {[%emt 0:00:11]} 10. Nbd2 {[%emt 0:00:42]} O-O {[%emt 0:01:02]} 11. a3 {[%emt 0:00:15]} a5 {[%emt 0:00:27]} 12. Re1 {[%emt 0:01:51]} Bf5 {[%emt 0:12:21]} 13. Nh4 {[%emt 0:02:55]} Be6 {[%emt 0:00:16]} 14. g3 {[%emt 0:00:43]} Nd7 {[%emt 0:01:28]} 15. Bf1 {[%emt 0:00:24]} f5 {[%emt 0:07:11]} 16. f4 {[%emt 0:00:29]} Qf6 {[%emt 0:02:58]} 17. Bg2 {[%emt 0:01:06]} Rae8 {[%emt 0:05:52]} 18. fxe5 {[%emt 0:07:04]} Ndxe5 {[%emt 0:00:43]} 19. Ndf3 {[%emt 0:03:45]} Ng4 {[%emt 0:06:28]} 20. Nd2 Nge5 21. Ndf3 Ng4 22. Nd2 Nxh2 23. Rxe6 Rxe6 24. Bd5 Bxg3 25. Ng2 Kh8 26. Bxe6 Qxe6 0-1

[Event "2nd Gujarat Open 2019"]
[Site "Ahmedabad, Gujarat"]
[Date "2019.09.25"]
[Round "5.26"]
[White "Sarwat, Walaa"]
[Black "Pandey Srishti"]
[Result "0-1"]
[WhiteElo "2236"]
[BlackElo "1928"]
[Annotator "ChessBase"]
[PlyCount "37"]
[EventDate "2019.09.22"]
[EventCountry "IND"]
[SourceTitle "playchess.com"]
[Source "ChessBase"]
[SourceQuality "1"]
[TimeControl "5400+30"]

1. e4 {[%emt 0:00:06]} e5 {[%emt 0:00:00]} 2. Nf3 {[%emt 0:00:09]} Nc6 {[%emt 0:00:00]} 3. Bb5 {[%emt 0:00:19]} a6 {[%emt 0:00:00]} 4. Ba4 {[%emt 0:00:43]} Nf6 {[%emt 0:00:00]} 5. d3 {[%emt 0:01:58]} d6 {[%emt 0:00:02]} 6. c4 {[%emt 0:01:18]} g6 {[%emt 0:00:04]} 7. Nc3 {[%emt 0:00:30]} Bg7 {[%emt 0:00:04]} 8. h3 {[%emt 0:01:08]} O-O {[%emt 0:00:06]} 9. Be3 {[%emt 0:00:43]} Nd7 {[%emt 0:01:12]} 10. Bxc6 {[%emt 0:05:55]} bxc6 {[%emt 0:00:03]} 11. Qd2 {[%emt 0:02:43]} f5 {[%emt 0:06:27]} 12. Bh6 {[%emt 0:03:03]} Nc5 {[%emt 0:04:46]} 13. Bxg7 {[%emt 0:01:27]} Kxg7 {[%emt 0:00:02]} 14. O-O-O {[%emt 0:09:59]} Be6 {[%emt 0:14:09]} 15. b3 {[%emt 0:01:46]} fxe4 {[%emt 0:05:54]} 16. Nxe4 {[%emt 0:02:19]} Nxe4 {[%emt 0:02:21]} 17. dxe4 {[%emt 0:00:16]} c5 {[%emt 0:01:27]} 18. Qa5 {[%emt 0:03:20]} Qe7 {[%emt 0:00:39]} 19. Rd3 {[%emt 0:01:25]} 0-1

[Event "2nd Gujarat Open 2019"]
[Site "Ahmedabad, Gujarat"]
[Date "2019.09.25"]
[Round "5.27"]
[White "Gandhi, Anish"]
[Black "Fathima, Abdeen"]
[Result "1-0"]
[WhiteElo "2201"]
[BlackElo "1937"]
[Annotator "ChessBase"]
[PlyCount "36"]
[EventDate "2019.09.22"]
[EventCountry "IND"]
[SourceTitle "playchess.com"]
[Source "ChessBase"]
[SourceQuality "1"]
[TimeControl "5400+30"]

1. e4 {[%emt 0:00:00]} c5 {[%emt 0:00:30]} 2. Nf3 {[%emt 0:00:00]} d6 {[%emt 0:00:49]} 3. d4 {[%emt 0:00:00]} cxd4 {[%emt 0:00:36]} 4. Nxd4 {[%emt 0:00:00]} Nf6 {[%emt 0:00:06]} 5. Nc3 {[%emt 0:00:00]} a6 {[%emt 0:00:05]} 6. h3 {[%emt 0:00:12]} h5 {[%emt 0:07:33]} 7. Bg5 {[%emt 0:02:04]} Nbd7 {[%emt 0:02:06]} 8. f4 {[%emt 0:03:04]} Qc7 {[%emt 0:03:21]} 9. Qf3 {[%emt 0:01:52]} e6 {[%emt 0:05:44]} 10. O-O-O {[%emt 0:02:04]} b5 {[%emt 0:04:58]} 11. a3 {[%emt 0:02:27]} Bb7 {[%emt 0:03:01]} 12. Bd3 {[%emt 0:00:47]} Be7 {[%emt 0:03:35]} 13. g4 {[%emt 0:02:12]} Qb6 {[%emt 0:03:16]} 14. Nb3 {[%emt 0:02:35]} g6 {[%emt 0:05:24]} 15. Qe2 {[%emt 0:02:36]} Nc5 {[%emt 0:02:51]} 16. Nxc5 {[%emt 0:01:36]} dxc5 {[%emt 0:00:24]} 17. e5 {[%emt 0:03:33]} Ng8 {[%emt 0:05:30]} 18. Be4 {[%emt 0:04:15]} b4 {[%emt 0:06:10]} 1-0

[Event "2nd Gujarat Open 2019"]
[Site "Ahmedabad, Gujarat"]
[Date "2019.09.25"]
[Round "5.28"]
[White "Patil, Pratik"]
[Black "Priyankara, Chamil"]
[Result "1-0"]
[WhiteElo "2187"]
[BlackElo "1917"]
[Annotator "ChessBase"]
[PlyCount "31"]
[EventDate "2019.09.22"]
[EventCountry "IND"]
[SourceTitle "playchess.com"]
[Source "ChessBase"]
[SourceQuality "1"]
[TimeControl "5400+30"]

1. e4 {[%emt 0:00:36]} c5 {[%emt 0:07:23]} 2. c3 {[%emt 0:00:09]} d5 {[%emt 0:01:37]} 3. exd5 {[%emt 0:00:08]} Nf6 {[%emt 0:00:03]} 4. d4 {[%emt 0:00:30]} Nxd5 {[%emt 0:00:20]} 5. Nf3 {[%emt 0:13:15]} e6 {[%emt 0:02:15]} 6. Bd3 {[%emt 0:03:18]} cxd4 {[%emt 0:00:17]} 7. cxd4 {[%emt 0:13:20]} Bb4+ {[%emt 0:00:28]} 8. Bd2 {[%emt 0:00:46]} Bxd2+ {[%emt 0:00:07]} 9. Qxd2 {[%emt 0:00:16]} O-O {[%emt 0:00:18]} 10. O-O {[%emt 0:03:29]} Nc6 {[%emt 0:00:11]} 11. Nc3 {[%emt 0:00:38]} Ncb4 {[%emt 0:01:01]} 12. Bc4 {[%emt 0:02:10]} Nf6 {[%emt 0:04:01]} 13. Rac1 {[%emt 0:00:40]} b6 {[%emt 0:01:45]} 14. Ne5 {[%emt 0:01:29]} Bb7 {[%emt 0:02:31]} 15. Rfe1 {[%emt 0:01:59]} Nc6 {[%emt 0:07:34]} 16. Rcd1 {[%emt 0:11:33]} 1-0

[Event "2nd Gujarat Open 2019"]
[Site "Ahmedabad, Gujarat"]
[Date "2019.09.25"]
[Round "5.29"]
[White "Chaitanya Sairam Mogili"]
[Black "Mehdi Hasan Parag"]
[Result "1/2-1/2"]
[WhiteElo "1908"]
[BlackElo "2183"]
[Annotator "TA"]
[PlyCount "43"]
[EventDate "2019.09.22"]
[EventCountry "IND"]
[SourceTitle "playchess.com"]
[Source "ChessBase"]
[SourceQuality "1"]

{[%evp 25,43,-18,0,-7,-5,-4,0,0,0,-3,2,0,0,-10,0,0,0,-12,0,0]} 1. d4 Nf6 2. Nf3 d5 3. Bf4 e6 4. e3 Bd6 5. Bg3 O-O 6. Nbd2 c5 7. c3 Qc7 8. Bd3 Nbd7 9. Bxd6 Qxd6 10. O-O e5 11. dxe5 Nxe5 12. Nxe5 Qxe5 13. Nf3 Qc7 {The position is equal.} 14. c4 {D02: 1 d4 d5 2 Nf3 sidelines, including 2...Nf6 3 g3 and 2...Nf6 3 Bf4} dxc4 15. Bxc4 Bg4 16. Be2 Rac8 17. h3 Bf5 18. Qb3 h6 19. Rfc1 Qe7 20. a4 Be4 21. Nd2 Bc6 22. Bf3 $146 1/2-1/2

[Event "2nd Gujarat Open 2019"]
[Site "Ahmedabad, Gujarat"]
[Date "2019.09.25"]
[Round "5.30"]
[White "Kadam, Nikhil"]
[Black "Soham Datar"]
[Result "0-1"]
[WhiteElo "1705"]
[BlackElo "2160"]
[Annotator "ChessBase"]
[PlyCount "49"]
[EventDate "2019.09.22"]
[EventCountry "IND"]
[SourceTitle "playchess.com"]
[Source "ChessBase"]
[SourceQuality "1"]
[TimeControl "5400+30"]

1. e4 {[%emt 0:00:00]} c5 {[%emt 0:00:00]} 2. Nf3 {[%emt 0:00:00]} d6 {[%emt 0:00:38]} 3. d4 {[%emt 0:00:25]} cxd4 {[%emt 0:00:05]} 4. Nxd4 {[%emt 0:00:05]} Nf6 {[%emt 0:00:03]} 5. Nc3 {[%emt 0:00:07]} a6 {[%emt 0:00:08]} 6. h3 {[%emt 0:01:32]} e6 {[%emt 0:00:03]} 7. Bg5 {[%emt 0:04:45]} h6 {[%emt 0:00:14]} 8. Be3 {[%emt 0:04:30]} Be7 {[%emt 0:00:06]} 9. Qe2 {[%emt 0:06:22]} b5 {[%emt 0:00:21]} 10. a3 {[%emt 0:01:45]} Bb7 {[%emt 0:00:11]} 11. O-O-O {[%emt 0:06:11]} Nbd7 {[%emt 0:00:53]} 12. f4 {[%emt 0:15:19]} Qc7 {[%emt 0:07:21]} 13. Bf2 {[%emt 0:08:05]} O-O {[%emt 0:10:15]} 14. Bh4 {[%emt 0:05:23]} Rfe8 {[%emt 0:00:18]} 15. g4 {[%emt 0:02:14]} Nxe4 {[%emt 0:06:24]} 16. Nxe4 {[%emt 0:01:12]} Bxh4 {[%emt 0:00:00]} 17. Bg2 {[%emt 0:00:30]} d5 {[%emt 0:00:00]} 18. Nc3 {[%emt 0:00:30]} Qxf4+ {[%emt 0:00:00]} 19. Kb1 {[%emt 0:00:30]} Qf2 {[%emt 0:00:00]} 20. Rhf1 {[%emt 0:00:30]} Qxe2 {[%emt 0:00:00]} 21. Ndxe2 {[%emt 0:00:30]} Ne5 {[%emt 0:00:00]} 22. Nf4 {[%emt 0:00:30]} Nc4 {[%emt 0:00:00]} 23. Rd3 {[%emt 0:00:30]} Rac8 {[%emt 0:00:00]} 24. Ka2 {[%emt 0:00:30]} Bg5 {[%emt 0:00:00]} 25. Nh5 {[%emt 0:00:30]} 0-1

[Event "2nd Gujarat Open 2019"]
[Site "Ahmedabad, Gujarat"]
[Date "2019.09.25"]
[Round "5.31"]
[White "Sanket Chakravarty"]
[Black "Bidhar, Rutumbara"]
[Result "1-0"]
[WhiteElo "2158"]
[BlackElo "1847"]
[Annotator "TA"]
[PlyCount "25"]
[EventDate "2019.09.22"]
[EventCountry "IND"]
[SourceTitle "playchess.com"]
[Source "ChessBase"]
[SourceQuality "1"]

{[%evp 9,23,11,29,1,2,-20,48,33,13,10,30,21,85,112,127,131]} 1. c4 e5 2. g3 Nf6 3. Bg2 c6 4. Nf3 e4 5. Nd4 Qb6 6. Nc2 {A20: English Opening: 1...e5} (6. Nb3 a5 7. d3 a4 8. N3d2 Bc5 9. O-O e3 10. fxe3 Bxe3+ 11. Kh1 Ng4 12. Ne4 O-O 13. Nbc3 {½-½ (36) So,W (2776)-Caruana,F (2818) Saint Louis 2019}) 6... d5 7. Nc3 Bf5 (7... dxc4 $11 8. O-O Be6) 8. d3 {White is slightly better.} exd3 9. exd3 d4 10. Ne2 {And now 0-0 would win.} c5 (10... Bc5 $11 {keeps the balance.}) 11. O-O $16 Be7 12. Re1 {Predecessor:} Kf8 $146 13. b4 {1-0 (29) Sanket,C (2158)-Bidhar,R (1847) Ahmedabad 2019} 1-0

[Event "2nd Gujarat Open 2019"]
[Site "Ahmedabad, Gujarat"]
[Date "2019.09.25"]
[Round "5.32"]
[White "Anustoop Biswas"]
[Black "Chilukuri Sai Varshith"]
[Result "1-0"]
[WhiteElo "2154"]
[BlackElo "1813"]
[Annotator "TA"]
[PlyCount "37"]
[EventDate "2019.09.22"]
[EventCountry "IND"]
[SourceTitle "playchess.com"]
[Source "ChessBase"]
[SourceQuality "1"]

{[%evp 9,37,2,25,23,25,14,39,37,18,26,66,12,62,66,221,231,256,256,246,252,327,319,321,303,371,382,327,299,332,230]} 1. e4 c5 2. b3 d6 3. Bb2 Nf6 4. Bb5+ Bd7 5. Bxd7+ Nbxd7 6. Nc3 {B20: Sicilian: Unusual White 2nd moves} (6. d3 g6 7. f4 Bg7 8. Nf3 O-O 9. O-O d5 10. Qe1 d4 11. Qh4 e5 12. fxe5 Nh5 13. Qxd8 Rfxd8 {1-0 (63) Short,N (2684)-Moiseenko,A (2703) Jakarta 2013}) 6... g6 7. Qe2 Bg7 8. f4 {White is slightly better.} O-O 9. Nf3 a6 10. O-O-O (10. e5 $14) 10... b5 11. e5 Ne8 $2 {[#]} ({Black should play} 11... Nh5 $14) 12. e6 $1 $18 b4 13. Nd5 ({Weaker is} 13. exd7 bxc3 14. dxc3 (14. Bxc3 Nf6 $11) 14... Qxd7 $11) 13... Bxb2+ 14. Kxb2 Nb6 $146 15. exf7+ Rxf7 16. Ng5 {Black must now prevent Qe6!} Nxd5 {[#]} 17. Qe6 $1 {[%mdl 576] Double Attack, Pin} Nef6 18. Qxf7+ Kh8 19. Qe6 {Accuracy: White = 73%, Black = 31%.} 1-0

[Event "2nd Gujarat Open 2019"]
[Site "Ahmedabad, Gujarat"]
[Date "2019.09.25"]
[Round "5.33"]
[White "Pimpalkhare Vedant"]
[Black "Vijay, Anand M."]
[Result "1-0"]
[WhiteElo "2104"]
[BlackElo "1806"]
[Annotator "RC"]
[PlyCount "39"]
[EventDate "2019.09.22"]
[EventCountry "IND"]
[SourceTitle "playchess.com"]
[Source "ChessBase"]
[SourceQuality "1"]
[TimeControl "5400+30"]

1. Nf3 {[%emt 0:00:00]} Nf6 {[%emt 0:00:18]} 2. g3 {[%emt 0:00:07]} b6 {[%emt 0:00:18]} 3. Bg2 {[%emt 0:00:14]} Bb7 {[%emt 0:00:05]} 4. c4 {[%emt 0:00:50]} e6 {[%emt 0:00:14]} 5. O-O {[%emt 0:00:13]} Be7 {[%emt 0:01:56]} 6. b3 {[%emt 0:05:25]} O-O {[%emt 0:05:30]} 7. Bb2 c5 {[%emt 0:03:32]} 8. d4 {[%emt 0:01:32]} d6 {[%emt 0:00:18]} 9. Nc3 {[%emt 0:00:37]} Ne4 {[%emt 0:02:03]} 10. Qc2 {[%emt 0:02:28]} Nxc3 {[%emt 0:00:27]} 11. Bxc3 {[%emt 0:00:14]} Nd7 {[%emt 0:02:59]} 12. Ng5 {[%emt 0:08:20]} Bxg5 {[%emt 0:00:09]} 13. Bxb7 {[%emt 0:00:03]} Rb8 {[%emt 0:00:06]} 14. Be4 {[%emt 0:00:55]} f5 {[%emt 0:01:18]} 15. Bg2 {[%emt 0:00:48]} Bf6 {[%emt 0:05:14]} 16. Rad1 {[%emt 0:03:15]} Qc7 {[%emt 0:02:48]} 17. Rd2 {[%emt 0:10:47]} cxd4 {[%emt 0:17:44]} 18. Bxd4 {[%emt 0:00:17]} Bxd4 {[%emt 0:00:09]} 19. Rxd4 {[%emt 0:00:04]} Nf6 {[%emt 0:00:05]} 20. Rd2 {[%emt 0:00:56]} 1-0

[Event "2nd Gujarat Open 2019"]
[Site "Ahmedabad, Gujarat"]
[Date "2019.09.25"]
[Round "5.34"]
[White "Nirnay Garg"]
[Black "Jay Kundaliya"]
[Result "0-1"]
[WhiteElo "1585"]
[BlackElo "2097"]
[Annotator "NA RC"]
[PlyCount "78"]
[EventDate "2019.09.22"]
[EventCountry "IND"]
[SourceTitle "playchess.com"]
[Source "ChessBase"]
[SourceQuality "1"]
[TimeControl "5400+30"]

1. d4 {[%emt 0:00:00]} Nf6 {[%emt 0:00:25]} 2. Bf4 {[%emt 0:00:04]} e6 {[%emt 0:01:39]} 3. e3 {[%emt 0:00:21]} d5 {[%emt 0:03:35]} 4. Nf3 {[%emt 0:00:43]} c5 {[%emt 0:04:33]} 5. c3 {[%emt 0:00:31]} Nc6 {[%emt 0:00:34]} 6. Nbd2 {[%emt 0:00:34]} Nh5 {[%emt 0:10:19]} 7. Bg5 {[%emt 0:01:07]} Be7 {[%emt 0:06:23]} 8. Bxe7 {[%emt 0:00:47]} Qxe7 {[%emt 0:00:03]} 9. Bd3 {[%emt 0:01:08]} Nf6 {[%emt 0:09:53]} 10. O-O {[%emt 0:01:41]} Qd6 {[%emt 0:06:06]} 11. Qe2 {[%emt 0:00:35]} O-O {[%emt 0:00:45]} 12. dxc5 {[%emt 0:02:19]} Qxc5 {[%emt 0:00:13]} 13. e4 {[%emt 0:00:07]} dxe4 {[%emt 0:04:43]} 14. Nxe4 {[%emt 0:00:20]} Nxe4 {[%emt 0:00:22]} 15. Qxe4 {[%emt 0:00:12]} g6 {[%emt 0:01:37]} 16. Rfe1 {[%emt 0:03:39]} Bd7 {[%emt 0:08:53]} 17. Rad1 {[%emt 0:00:38]} Rad8 {[%emt 0:00:43]} 18. Ne5 {[%emt 0:01:24]} Nxe5 {[%emt 0:02:34]} 19. Qxe5 {[%emt 0:00:09]} Qxe5 {[%emt 0:00:28]} 20. Rxe5 {[%emt 0:00:06]} Bc6 {[%emt 0:00:09]} 21. Re2 {[%emt 0:00:31]} Rd7 {[%emt 0:00:24]} 22. Ree1 {[%emt 0:02:51]} Rfd8 {[%emt 0:00:14]} 23. Be2 {[%emt 0:00:24]} Rd2 {[%emt 0:00:12]} 24. f3 {[%emt 0:00:15]} R8d7 25. Kf2 {[%emt 0:00:30]} Rxb2 26. Ke3 {[%emt 0:00:30]} Rxd1 27. Rxd1 {[%emt 0:00:30]} Rxa2 28. Bf1 {[%emt 0:00:30]} Kg7 29. h4 {[%emt 0:00:30]} h5 30. Kd4 {[%emt 0:00:30]} Kf6 31. Kc5 {[%emt 0:00:30]} Ra5+ 32. Kd6 {[%emt 0:00:30]} Rd5+ 33. Rxd5 {[%emt 0:00:30]} Bxd5 34. Bb5 {[%emt 0:00:30]} a6 35. Be8 {[%emt 0:00:30]} b5 36. Kc7 {[%emt 0:00:30]} Ke7 37. Bd7 {[%emt 0:00:30]} e5 38. Bc6 {[%emt 0:00:30]} Bxc6 39. Kxc6 {[%emt 0:00:30]} f5 0-1

[Event "2nd Gujarat Open 2019"]
[Site "Ahmedabad, Gujarat"]
[Date "2019.09.25"]
[Round "5.35"]
[White "Kumar, Gaurav"]
[Black "Daakshin Arun"]
[Result "1-0"]
[WhiteElo "2096"]
[BlackElo "1691"]
[Annotator "NA RC"]
[PlyCount "80"]
[EventDate "2019.09.22"]
[EventCountry "IND"]
[SourceTitle "playchess.com"]
[Source "ChessBase"]
[SourceQuality "1"]
[TimeControl "5400+30"]

1. e4 {[%emt 0:02:38]} c5 {[%emt 0:00:00]} 2. Nc3 {[%emt 0:01:09]} a6 {[%emt 0:00:08]} 3. Nf3 {[%emt 0:04:36]} d6 {[%emt 0:00:06]} 4. d4 {[%emt 0:00:02]} cxd4 {[%emt 0:00:10]} 5. Nxd4 {[%emt 0:00:02]} Nf6 {[%emt 0:00:07]} 6. Bg5 {[%emt 0:00:03]} Nc6 {[%emt 0:00:45]} 7. Qd2 {[%emt 0:02:01]} e6 {[%emt 0:01:53]} 8. O-O-O {[%emt 0:00:18]} Bd7 {[%emt 0:00:11]} 9. f4 {[%emt 0:00:02]} Be7 {[%emt 0:00:30]} 10. Nf3 {[%emt 0:00:11]} Qc7 {[%emt 0:01:29]} 11. e5 {[%emt 0:00:09]} dxe5 {[%emt 0:00:46]} 12. fxe5 {[%emt 0:00:03]} Ng8 {[%emt 0:05:03]} 13. Bxe7 {[%emt 0:01:26]} Ngxe7 {[%emt 0:00:31]} 14. Ne4 {[%emt 0:00:35]} h6 {[%emt 0:11:47]} 15. Nd6+ {[%emt 0:02:25]} Kf8 {[%emt 0:00:15]} 16. Nxf7 {[%emt 0:01:33]} Kxf7 {[%emt 0:00:47]} 17. Qxd7 {[%emt 0:00:11]} Qxd7 {[%emt 0:00:12]} 18. Rxd7 {[%emt 0:00:03]} b5 {[%emt 0:01:59]} 19. a4 {[%emt 0:02:12]} bxa4 {[%emt 0:03:42]} 20. Bc4 {[%emt 0:00:03]} Rhd8 {[%emt 0:08:39]} 21. Rhd1 {[%emt 0:02:55]} Rxd7 {[%emt 0:01:01]} 22. Rxd7 {[%emt 0:00:03]} g5 {[%emt 0:08:59]} 23. Rd6 {[%emt 0:01:31]} Nd8 {[%emt 0:07:42]} 24. Nd4 {[%emt 0:00:38]} Rc8 25. Bxa6 {[%emt 0:00:30]} Ra8 26. Bc4 {[%emt 0:00:30]} Rc8 27. Ba2 {[%emt 0:00:30]} Rb8 28. Nxe6 {[%emt 0:00:30]} Nxe6 29. Rxe6 {[%emt 0:00:30]} Ke8 30. Rxh6 {[%emt 0:00:30]} Kd7 31. Be6+ {[%emt 0:00:30]} Kc7 32. Rh7 {[%emt 0:00:30]} Re8 33. Rg7 {[%emt 0:00:30]} Kd8 34. Rxg5 {[%emt 0:00:30]} Nc6 35. Bd5 {[%emt 0:00:30]} Nxe5 36. h4 {[%emt 0:00:30]} Nd7 37. Bc6 {[%emt 0:00:30]} Re1+ 38. Kd2 {[%emt 0:00:30]} Re6 39. Bxd7 {[%emt 0:00:30]} Kxd7 40. h5 {[%emt 0:00:30]} Rh6 1-0